[Event "Montcalm-ch"]
[Site "Quebec CAN"]
[Date "2003.05.15"]
[Round "3"]
[White "Martineau, Michel"]
[Black "Dion, Jean-Francois"]
[Result "0-1"]
[WhiteElo "1898"]
[BlackElo "1831"]
[PlyCount "70"]
[EventDate "2003.05.01"]
[EventType "tourn"]
[EventRounds "5"]
[EventCountry "CAN"]

1. f4 Nf6 2. b3 g6 3. e3 Bg7 4. Bb2 O-O 5. Nf3 d6 6. Be2 c5 7. O-O Nc6 8. c4 b6
9. Nc3 e6 10. d4 d5 11. Ne5 Ne7 12. Rc1 Nf5 13. Qd2 cxd4 14. exd4 dxc4 15. Nc6
Qd6 16. Bf3 Bb7 17. Nb5 Qd7 18. Rxc4 Nd5 19. Rfc1 Nfe3 20. Bxd5 Nxc4 21. bxc4
Bxc6 22. Bxc6 Qxc6 23. Qb4 a6 24. Na3 Rfd8 25. c5 bxc5 26. Rxc5 Qe4 27. Nc2
Qxf4 28. Rc4 Rab8 29. Qa3 Rd5 30. Qc3 Rbd8 31. g3 Qg4 32. Qd3 h5 33. Kg2 h4 34.
Ne3 h3+ 35. Kf2 Bxd4 0-1

[Event "Montcalm-ch"]
[Site "Quebec CAN"]
[Date "2003.05.15"]
[Round "3"]
[White "Sauve, Richard"]
[Black "Grant, James"]
[Result "1-0"]
[WhiteElo "1944"]
[BlackElo "1680"]
[PlyCount "87"]
[EventDate "2003.05.01"]
[EventType "tourn"]
[EventRounds "5"]
[EventCountry "CAN"]

1. d4 d5 2. c4 e6 3. Nc3 Be7 4. cxd5 exd5 5. Bf4 c6 6. e3 Bf5 7. Nge2 Nd7 8.
Ng3 Bg6 9. Be2 Ngf6 10. h4 h5 11. Bg5 Qc7 12. Rc1 Bb4 13. O-O Bxc3 14. Rxc3 Ne4
15. Nxe4 dxe4 16. d5 f6 17. Bf4 Ne5 18. dxc6 b6 19. Qc2 Rd8 20. Rd1 Rxd1+ 21.
Qxd1 Ke7 22. Qa4 Rd8 23. Ra3 a5 24. Rb3 Rd5 25. Bxe5 Rxe5 26. Qd4 Rc5 27. Qd7+
Qxd7 28. cxd7 Kxd7 29. Rxb6 Kc7 30. Rb5 Rc2 31. Bxh5 Bxh5 32. Rxh5 Rxb2 33.
Rxa5 Kb6 34. Ra8 Rb1+ 35. Kh2 Rf1 36. Kg3 Rc1 37. Rd8 f5 38. Rd7 Rc2 39. Rxg7
Rxa2 40. h5 Kc6 41. h6 Ra1 42. h7 Rh1 43. Kf4 Rh5 44. Ke5 1-0

[Event "Montcalm-ch"]
[Site "Quebec CAN"]
[Date "2003.05.22"]
[Round "4"]
[White "Sauve, Richard"]
[Black "Bourassa, Real"]
[Result "1-0"]
[WhiteElo "1944"]
[BlackElo "1703"]
[PlyCount "111"]
[EventDate "2003.05.01"]
[EventType "tourn"]
[EventRounds "5"]
[EventCountry "CAN"]

1. d4 d5 2. c4 Nf6 3. Nc3 e6 4. cxd5 Nxd5 5. e4 Nb6 6. Nf3 Be7 7. Be2 c6 8. a4
a5 9. O-O O-O 10. Be3 f5 11. exf5 exf5 12. Qb3+ Kh8 13. Ne5 Nd5 14. Bc4 Nd7 15.
Nxd5 Nxe5 16. dxe5 cxd5 17. Bxd5 Bb4 18. Rfd1 Qe7 19. f4 Ra6 20. Rac1 Be6 21.
Bxe6 Rxe6 22. Qd5 h6 23. Qd7 Rf7 24. Qxe7 Rfxe7 25. Rc8+ Kh7 26. h4 Kg6 27. Bc5
Bxc5+ 28. Rxc5 b6 29. Rcd5 Kf7 30. Rd6 Rb7 31. Rd7+ Re7 32. Rxb7 Rxb7 33. Rd5
Ke6 34. Rb5 Kd7 35. Kf2 Kc6 36. e6 Re7 37. Rxf5 Rxe6 38. Rf7 g6 39. Kf3 Kc5 40.
Rh7 h5 41. Rh6 Rf6 42. g4 hxg4+ 43. Kxg4 Rd6 44. Kg5 Rd2 45. Rxg6 Rxb2 46. h5
b5 47. axb5 a4 48. Ra6 Kxb5 49. Ra8 Rg2+ 50. Kf6 Kb4 51. h6 Rh2 52. Kg6 a3 53.
f5 Kb3 54. f6 a2 55. f7 Rf2 56. h7 1-0

[Event "Montreal CC ch du CEM"]
[Site "Montreal CAN"]
[Date "2003.01.24"]
[Round "1"]
[White "Daniel, Robert"]
[Black "Bolduc, Steve"]
[Result "0-1"]
[WhiteElo "1917"]
[BlackElo "2207"]
[PlyCount "58"]
[EventDate "2003.01.24"]
[EventType "swiss"]
[EventRounds "5"]
[EventCountry "CAN"]

1. e4 c6 2. d4 d5 3. e5 Bf5 4. Nc3 e6 5. g4 Bg6 6. Nge2 f6 7. Nf4 Bf7 8. Bd3
fxe5 9. dxe5 Qc7 10. O-O g6 11. Nh3 Nd7 12. f4 O-O-O 13. Be3 h6 14. Bxa7 Nc5
15. b4 b6 16. bxc5 Bxc5+ 17. Kh1 Qxa7 18. Qf3 Ne7 19. a4 h5 20. a5 b5 21. Bxb5
hxg4 22. Qxg4 cxb5 23. Ng5 Nf5 24. Qf3 Nd4 25. Qd3 Be8 26. Ne2 Bc6 27. Nxd4
Bxd4 28. Rfd1 Be3 29. Nxe6 d4+ 0-1

[Event "Montreal CC ch du CEM"]
[Site "Montreal CAN"]
[Date "2003.01.26"]
[Round "5"]
[White "Libersan, Thierry"]
[Black "Bolduc, Steve"]
[Result "0-1"]
[WhiteElo "1862"]
[BlackElo "2207"]
[PlyCount "38"]
[EventDate "2003.01.24"]
[EventType "swiss"]
[EventRounds "5"]
[EventCountry "CAN"]

1. d4 Nf6 2. c4 e6 3. Nf3 c5 4. d5 exd5 5. cxd5 d6 6. Nc3 g6 7. e4 Bg7 8. Bd3
O-O 9. Nd2 a6 10. a4 Nbd7 11. O-O Re8 12. f4 c4 13. Nxc4 Nc5 14. Re1 Ng4 15. g3
Bd4+ 16. Be3 Nxe3 17. Nxe3 Qb6 18. Ra2 Bg4 19. a5 Bxd1 0-1

[Event "Montreal int."]
[Site "Montreal CAN"]
[Date "2003.07.23"]
[Round "1"]
[White "Legky, Nikolay"]
[Black "Romanishin, Oleg"]
[Result "1/2-1/2"]
[WhiteElo "2482"]
[BlackElo "2561"]
[PlyCount "53"]
[EventDate "2003.07.23"]
[EventType "tourn"]
[EventRounds "9"]
[EventCountry "CAN"]
[EventCategory "11"]
[Source "Mark Crowther"]
[SourceDate "2003.07.28"]

1. d4 Nf6 2. c4 e6 3. Nc3 Bb4 4. Qc2 d5 5. cxd5 Qxd5 6. e3 O-O 7. Bd2 Bxc3 8.
Bxc3 Nbd7 9. Nf3 b6 10. Be2 Bb7 11. O-O Ne4 12. b4 Ndf6 13. Rfc1 Nxc3 14. Qxc3
Rfc8 15. Qb2 a5 16. b5 a4 17. a3 Ra5 18. Rc2 h6 19. Rac1 Ne8 20. Qb4 Raa8 21.
h3 Qd6 22. Qxd6 cxd6 23. Nd2 d5 24. Rxc8 Bxc8 25. e4 Bd7 26. e5 Kf8 27. Nb1
1/2-1/2

[Event "Montreal int."]
[Site "Montreal CAN"]
[Date "2003.07.25"]
[Round "3"]
[White "Romanishin, Oleg"]
[Black "Lugovoi, Aleksei"]
[Result "1/2-1/2"]
[WhiteElo "2561"]
[BlackElo "2566"]
[PlyCount "49"]
[EventDate "2003.07.23"]
[EventType "tourn"]
[EventRounds "9"]
[EventCountry "CAN"]
[EventCategory "11"]
[Source "Mark Crowther"]
[SourceDate "2003.07.28"]

1. d4 Nf6 2. Nf3 e6 3. g3 c5 4. Bg2 cxd4 5. Nxd4 d5 6. O-O e5 7. Nb3 Be6 8. Nc3
Be7 9. f4 exf4 10. gxf4 g6 11. Kh1 Nc6 12. Be3 O-O 13. Qd2 Qc8 14. Rad1 Rd8 15.
Nd4 Bh3 16. Bxh3 Qxh3 17. Bg1 Ne4 18. Qd3 Qxd3 19. cxd3 Nxc3 20. bxc3 Nxd4 21.
Bxd4 f5 22. Rb1 b6 23. a4 Kf7 24. Kg2 Rd7 25. Rb5 1/2-1/2

[Event "Montreal int."]
[Site "Montreal CAN"]
[Date "2003.07.27"]
[Round "5"]
[White "Barsov, Alexei"]
[Black "Nataf, Igor A"]
[Result "1/2-1/2"]
[WhiteElo "2526"]
[BlackElo "2549"]
[PlyCount "37"]
[EventDate "2003.07.23"]
[EventType "tourn"]
[EventRounds "9"]
[EventCountry "CAN"]
[EventCategory "11"]
[Source "Mark Crowther"]
[SourceDate "2003.08.04"]

1. d4 Nf6 2. c4 g6 3. Nc3 Bg7 4. g3 O-O 5. Bg2 d6 6. Nf3 Nc6 7. O-O Bf5 8. b3
e5 9. dxe5 dxe5 10. Ba3 Re8 11. Nh4 Bd7 12. Qc1 Qc8 13. Rd1 Bh3 14. Bh1 Qg4 15.
Bf3 Qc8 16. Bh1 Qg4 17. Bf3 Qe6 18. Bd5 Qc8 19. Bh1 1/2-1/2

[Event "Montreal int."]
[Site "Montreal CAN"]
[Date "2003.07.30"]
[Round "7"]
[White "Legky, Nikolay"]
[Black "Vera, Reynaldo"]
[Result "1/2-1/2"]
[WhiteElo "2482"]
[BlackElo "2509"]
[PlyCount "77"]
[EventDate "2003.07.23"]
[EventType "tourn"]
[EventRounds "9"]
[EventCountry "CAN"]
[EventCategory "11"]
[Source "Mark Crowther"]
[SourceDate "2003.08.04"]

1. d4 d5 2. c4 e6 3. Nc3 c6 4. cxd5 exd5 5. Bf4 Qb6 6. Qd2 Nf6 7. e3 Bf5 8.
Nge2 Nbd7 9. Ng3 Bg6 10. Be2 Be7 11. O-O h5 12. Bd3 h4 13. Nf5 Bxf5 14. Bxf5 g6
15. Bh3 Qd8 16. Rfe1 Kf8 17. e4 dxe4 18. Nxe4 Nxe4 19. Rxe4 Nf6 20. Re2 Nd5 21.
Be5 f6 22. Bf4 Bb4 23. Qc1 g5 24. Bd2 Bd6 25. Be6 Kg7 26. Qc2 Nf4 27. Bxf4 Bxf4
28. Rae1 Qc7 29. h3 Rae8 30. Qf5 Re7 31. Bc4 Rhe8 32. Bd3 Rxe2 33. Qg6+ Kf8 34.
Qxf6+ Qf7 35. Qxf7+ Kxf7 36. Bxe2 Kf6 37. Kf1 Rd8 38. Rd1 Bc7 39. Bf3 1/2-1/2

[Event "Montreal int."]
[Site "Montreal CAN"]
[Date "2003.07.31"]
[Round "8"]
[White "Barsov, Alexei"]
[Black "Legky, Nikolay"]
[Result "1/2-1/2"]
[WhiteElo "2526"]
[BlackElo "2482"]
[PlyCount "75"]
[EventDate "2003.07.23"]
[EventType "tourn"]
[EventRounds "9"]
[EventCountry "CAN"]
[EventCategory "11"]
[Source "Mark Crowther"]
[SourceDate "2003.08.04"]

1. d4 Nf6 2. c4 e6 3. Nc3 d5 4. cxd5 exd5 5. Bg5 c6 6. e3 Nbd7 7. Bd3 Be7 8.
Qc2 Nf8 9. Nge2 Ne6 10. Bh4 g6 11. O-O O-O 12. a3 Nh5 13. Bxe7 Qxe7 14. Rad1 b6
15. b4 Bb7 16. Rb1 Nf6 17. Rfc1 Rfc8 18. Qb2 Rab8 19. a4 c5 20. bxc5 bxc5 21.
Qa3 Kf8 22. dxc5 Nxc5 23. Nb5 a6 24. Nbd4 Nxd3 25. Qxd3 Rxc1+ 26. Rxc1 Rc8 27.
Rxc8+ Bxc8 28. Qb3 Qc5 29. f3 Bd7 30. Nc3 a5 31. Kf2 Kg7 32. Ncb5 Bxb5 33. axb5
Qc1 34. Ne2 Qc5 35. Nd4 Qc1 36. b6 a4 37. Qxa4 Qb2+ 38. Qc2 1/2-1/2

[Event "Montreal int."]
[Site "Montreal CAN"]
[Date "2003.07.31"]
[Round "8"]
[White "Vera, Reynaldo"]
[Black "Romanishin, Oleg"]
[Result "1/2-1/2"]
[WhiteElo "2509"]
[BlackElo "2561"]
[PlyCount "33"]
[EventDate "2003.07.23"]
[EventType "tourn"]
[EventRounds "9"]
[EventCountry "CAN"]
[EventCategory "11"]
[Source "Mark Crowther"]
[SourceDate "2003.08.04"]

1. d4 Nf6 2. c4 e6 3. Nc3 Bb4 4. Qc2 d5 5. cxd5 Qxd5 6. e3 O-O 7. Bd2 Bxc3 8.
Bxc3 a5 9. a3 Nbd7 10. Nh3 b6 11. Nf4 Qd6 12. Be2 Bb7 13. O-O Ne4 14. Rac1 Rfc8
15. Rfd1 Nxc3 16. Qxc3 Nf6 17. Bf1 1/2-1/2

[Event "Montreal int."]
[Site "Montreal CAN"]
[Date "2003.08.03"]
[Round "11"]
[White "Legky, Nikolay"]
[Black "Nataf, Igor A"]
[Result "1/2-1/2"]
[WhiteElo "2482"]
[BlackElo "2549"]
[PlyCount "29"]
[EventDate "2003.07.23"]
[EventType "tourn"]
[EventRounds "9"]
[EventCountry "CAN"]
[EventCategory "11"]
[Source "Mark Crowther"]
[SourceDate "2003.08.04"]

1. d4 Nf6 2. Nf3 g6 3. Nc3 d5 4. Bf4 Bg7 5. e3 O-O 6. Be2 c6 7. O-O Bg4 8. h3
Bxf3 9. Bxf3 Re8 10. Re1 Nbd7 11. e4 dxe4 12. Nxe4 Nxe4 13. Rxe4 e5 14. dxe5
Nxe5 15. Bxe5 1/2-1/2

[Event "National Capital op"]
[Site "Ottawa CAN"]
[Date "2003.10.31"]
[Round "1"]
[White "Barclay, Wayne"]
[Black "Pacey, Kevin"]
[Result "1/2-1/2"]
[WhiteElo "2252"]
[BlackElo "2300"]
[PlyCount "117"]
[EventDate "2003.10.31"]
[EventType "swiss"]
[EventRounds "5"]
[EventCountry "CAN"]

1. d4 d5 2. c4 e6 3. Nc3 c5 4. cxd5 exd5 5. Nf3 Nf6 6. g3 Nc6 7. Bg2 Be7 8. O-O
O-O 9. dxc5 Bxc5 10. Bg5 d4 11. Bxf6 Qxf6 12. Nd5 Qd8 13. Nd2 Re8 14. Rc1 Bb6
15. Nc4 Be6 16. Ndxb6 axb6 17. a3 Rc8 18. Re1 b5 19. Nd2 Qb6 20. Ne4 Ne5 21.
Qd2 Nc4 22. Qb4 Bf5 23. b3 Bxe4 24. Bxe4 Nd6 25. Bd3 Rc6 26. Rxc6 Qxc6 27. Qxd4
Ra8 28. Qb4 b6 29. e4 f6 30. f4 Qc5+ 31. Qxc5 bxc5 32. e5 fxe5 33. fxe5 Nc8 34.
Bxb5 Rxa3 35. Bc4+ Kf8 36. Rf1+ Ke8 37. Rf7 Ra7 38. Rxa7 Nxa7 39. Kf2 Ke7 40.
Kf3 Nc8 41. Ke4 Nb6 42. Bg8 h6 43. Kf5 Nd7 44. Bc4 Nb6 45. h4 Nd7 46. h5 Nb6
47. Bb5 Nd5 48. Kg6 Kf8 49. e6 Ne7+ 50. Kh7 Nf5 51. g4 Ne7 52. Kh8 Nd5 53. Bc4
Ne7 54. Kh7 Nc6 55. Bb5 Ne7 56. Kh8 Nd5 57. Bd7 Ne7 58. Kh7 Nd5 59. Kg6 1/2-1/2

[Event "National Capital op"]
[Site "Ottawa CAN"]
[Date "2003.10.31"]
[Round "1"]
[White "Bolduc, Steve"]
[Black "Ziegler, Rick"]
[Result "1-0"]
[WhiteElo "2346"]
[BlackElo "2205"]
[PlyCount "37"]
[EventDate "2003.10.31"]
[EventType "swiss"]
[EventRounds "5"]
[EventCountry "CAN"]

1. d4 Nf6 2. c4 e6 3. Nc3 Bb4 4. e3 c5 5. Bd3 Nc6 6. Nf3 d5 7. O-O dxc4 8. Bxc4
O-O 9. a3 cxd4 10. exd4 Be7 11. Qd3 b6 12. Bg5 Bb7 13. Rad1 Rc8 14. Ba2 Qd6 15.
Rfe1 Rfd8 16. d5 exd5 17. Nxd5 Nxd5 18. Bxd5 Qc5 19. b4 1-0

[Event "National Capital op"]
[Site "Ottawa CAN"]
[Date "2003.11.01"]
[Round "2"]
[White "Murray, Adam"]
[Black "Bertrand, Daryl"]
[Result "1-0"]
[WhiteElo "1856"]
[BlackElo "1868"]
[PlyCount "91"]
[EventDate "2003.10.31"]
[EventType "swiss"]
[EventRounds "5"]
[EventCountry "CAN"]

1. e4 e5 2. f4 Bc5 3. Nf3 d6 4. Bc4 Nf6 5. Nc3 c6 6. d3 b5 7. Bb3 O-O 8. a4 b4
9. Ne2 Nbd7 10. Ng3 Ng4 11. Ng5 Ndf6 12. Qe2 a5 13. f5 h6 14. h3 Bf2+ 15. Kd1
hxg5 16. hxg4 Bxg3 17. Qf3 Bh4 18. g3 d5 19. gxh4 dxe4 20. Qh3 Nxg4 21. Qxg4
exd3 22. hxg5 Qd4 23. Qh3 dxc2+ 24. Kxc2 Qe4+ 25. Kd1 Rd8+ 26. Bd2 Kf8 27. Qh8+
Ke7 28. f6+ gxf6 29. Qxf6+ Kd7 30. Qxf7+ Kd6 31. Rh6+ Kc5 32. Qe7+ Kb6 33.
Qxd8+ Ka6 34. Rxc6+ Qxc6 35. Qf6 Bg4+ 36. Ke1 Qxf6 37. Bc4+ Kb6 38. Be3+ Kc6
39. gxf6 Rh8 40. f7 Bh5 41. Rc1 Kd6 42. Bg5 Bxf7 43. Rd1+ Kc5 44. Bxf7 Rh1+ 45.
Kd2 Rh2+ 46. Kc1 1-0

[Event "National Capital op"]
[Site "Ottawa CAN"]
[Date "2003.11.01"]
[Round "2"]
[White "Patterson, Roger"]
[Black "Valdizon, Armando"]
[Result "1-0"]
[WhiteElo "2216"]
[BlackElo "2285"]
[PlyCount "57"]
[EventDate "2003.10.31"]
[EventType "swiss"]
[EventRounds "5"]
[EventCountry "CAN"]

1. e4 d5 2. exd5 Qxd5 3. Nc3 Qa5 4. d4 Nf6 5. Nf3 Bf5 6. Bc4 c6 7. Qe2 e6 8.
Bd2 Bb4 9. O-O O-O 10. a3 Bxc3 11. Bxc3 Qc7 12. b4 Nbd7 13. Rac1 Nb6 14. Bb3
Nbd5 15. Bb2 Nf4 16. Qe3 Ng4 17. Qd2 Rad8 18. h3 Nf6 19. c4 N6h5 20. Rc3 e5 21.
d5 Bxh3 22. gxh3 Nxh3+ 23. Kh1 N3f4 24. Re3 Rd6 25. Bxe5 Qc8 26. Nh2 Rh6 27.
Bd1 Qf5 28. Rg1 Re8 29. Bg4 1-0

[Event "National Capital op"]
[Site "Ottawa CAN"]
[Date "2003.11.01"]
[Round "2"]
[White "Pepin, Christian"]
[Black "Bolduc, Steve"]
[Result "0-1"]
[WhiteElo "2061"]
[BlackElo "2346"]
[PlyCount "86"]
[EventDate "2003.10.31"]
[EventType "swiss"]
[EventRounds "5"]
[EventCountry "CAN"]

1. e4 c5 2. f4 d5 3. exd5 Nf6 4. Nc3 Nxd5 5. Bb5+ Bd7 6. Bxd7+ Qxd7 7. Nxd5
Qxd5 8. Qf3 Qd7 9. Ne2 Nc6 10. a3 g6 11. Qc3 Nd4 12. Nxd4 cxd4 13. Qd3 Bg7 14.
O-O O-O 15. c4 Rab8 16. b4 a5 17. Rb1 axb4 18. axb4 Rfc8 19. Qb3 d3 20. Rf3
Qd4+ 21. Kf1 Rxc4 22. Bb2 Qe4 23. Re1 Rxb4 24. Rxe4 Rxb3 25. Bxg7 Kxg7 26. Rd4
b5 27. Rdxd3 Rxd3 28. Rxd3 b4 29. Rb3 Kf6 30. Ke2 Ke6 31. Kd1 Kd5 32. Rh3 Rc8
33. Rd3+ Ke6 34. Rd4 Rb8 35. Kc2 b3+ 36. Kb2 Rb7 37. g4 Kf6 38. Rd5 Rb4 39. d4
e6 40. Rd7 h6 41. h4 h5 42. g5+ Kg7 43. Rd8 Rb5 0-1

[Event "National Capital op"]
[Site "Ottawa CAN"]
[Date "2003.11.01"]
[Round "3"]
[White "Bolduc, Steve"]
[Black "Djerkovic, Miladin"]
[Result "1-0"]
[WhiteElo "2346"]
[BlackElo "2294"]
[PlyCount "46"]
[EventDate "2003.10.31"]
[EventType "swiss"]
[EventRounds "5"]
[EventCountry "CAN"]

1. d4 Nf6 2. c4 e6 3. Nc3 Bb4 4. e3 c5 5. Bd3 Nc6 6. Nf3 Bxc3+ 7. bxc3 d6 8. e4
e5 9. h3 h6 10. O-O O-O 11. Qe2 Bd7 12. dxc5 dxc5 13. Ne1 Re8 14. Nc2 Ne7 15.
Ne3 Ng6 16. Nd5 Bc6 17. g3 Bd7 18. Kh2 Nxd5 19. cxd5 Qc8 20. Rh1 f5 21. Qh5 Ne7
22. d6 fxe4 23. Bc4+ Kh8 1-0

[Event "National Capital op"]
[Site "Ottawa CAN"]
[Date "2003.11.01"]
[Round "3"]
[White "Gelblum, Robert"]
[Black "Pacey, Kevin"]
[Result "1-0"]
[WhiteElo "2165"]
[BlackElo "2300"]
[PlyCount "61"]
[EventDate "2003.10.31"]
[EventType "swiss"]
[EventRounds "5"]
[EventCountry "CAN"]

1. e4 e5 2. Nf3 Nc6 3. Bb5 a6 4. Bxc6 dxc6 5. O-O Qd6 6. Na3 b5 7. c3 Bg4 8. h3
Bh5 9. d4 f6 10. Nc2 c5 11. dxe5 Qxd1 12. Rxd1 fxe5 13. a4 b4 14. cxb4 cxb4 15.
Bd2 a5 16. g4 Bg6 17. Nxe5 Bxe4 18. Nd4 O-O-O 19. Be3 Nh6 20. Bxh6 gxh6 21. Nf7
Bg7 22. Nxd8 Rxd8 23. Ne6 Rxd1+ 24. Rxd1 Bxb2 25. Rd8+ Kb7 26. Nc5+ Kb6 27.
Nxe4 c5 28. Nd2 Bd4 29. Rd6+ Kc7 30. Rxh6 Bc3 31. Nb3 1-0

[Event "National Capital op"]
[Site "Ottawa CAN"]
[Date "2003.11.01"]
[Round "3"]
[White "Murray, Adam"]
[Black "Patterson, Roger"]
[Result "0-1"]
[WhiteElo "1856"]
[BlackElo "2216"]
[PlyCount "56"]
[EventDate "2003.10.31"]
[EventType "swiss"]
[EventRounds "5"]
[EventCountry "CAN"]

1. e4 e5 2. Nf3 Nc6 3. Bb5 a6 4. Ba4 Nf6 5. O-O b5 6. Bb3 Bc5 7. a4 Rb8 8. c3
d6 9. d4 Bb6 10. Na3 Bg4 11. axb5 axb5 12. Nxb5 exd4 13. cxd4 O-O 14. Ra3 Re8
15. Re1 d5 16. e5 Ne4 17. Ba4 Nxe5 18. Nxc7 Qxc7 19. Bxe8 Rxe8 20. dxe5 Nxf2
21. Qa4 Bd7 22. Qh4 Nd3+ 23. Kh1 Bf2 24. Qh5 Bxe1 25. Rc3 Bxc3 26. Ng5 Bf5 27.
e6 Bg6 28. exf7+ Qxf7 0-1

[Event "National Capital op"]
[Site "Ottawa CAN"]
[Date "2003.11.01"]
[Round "3"]
[White "Spicer, Christopher"]
[Black "Pepin, Christian"]
[Result "0-1"]
[WhiteElo "1986"]
[BlackElo "2061"]
[PlyCount "77"]
[EventDate "2003.10.31"]
[EventType "swiss"]
[EventRounds "5"]
[EventCountry "CAN"]

1. e4 c6 2. d4 d5 3. e5 Bf5 4. Nc3 e6 5. g4 Bg6 6. Nge2 c5 7. h4 h6 8. Be3 Nc6
9. f4 Be7 10. Bf2 cxd4 11. Nxd4 Bc5 12. f5 Bxd4 13. Bxd4 exf5 14. h5 Bh7 15.
Qd2 Qd7 16. O-O-O O-O-O 17. e6 fxe6 18. Bb5 Nf6 19. g5 hxg5 20. Bxa7 f4 21. Na4
Qd6 22. Bc5 Ne4 23. Nb6+ Kc7 24. Bxd6+ Kxb6 25. Bc7+ Kxc7 26. Qe1 Bf5 27. Bxc6
Kxc6 28. Qb4 Nf2 29. Qa4+ Kc7 30. Qa5+ Kb8 31. Rd4 Nxh1 32. Ra4 Be4 33. Qa7+
Kc8 34. Qc5+ Kd7 35. Qb5+ Ke7 36. Qxb7+ Rd7 37. Qb4+ Kf7 38. Qd4 Ng3 39. c4 0-1

[Event "National Capital op"]
[Site "Ottawa CAN"]
[Date "2003.11.02"]
[Round "4"]
[White "Voloaca, Mihnea"]
[Black "Bolduc, Steve"]
[Result "1-0"]
[WhiteElo "2242"]
[BlackElo "2346"]
[PlyCount "125"]
[EventDate "2003.10.31"]
[EventType "swiss"]
[EventRounds "5"]
[EventCountry "CAN"]

1. c4 e6 2. e4 c5 3. Nc3 Nc6 4. Nf3 Nf6 5. d3 d5 6. cxd5 exd5 7. Bg5 d4 8. Nd5
Qa5+ 9. Bd2 Qd8 10. Bg5 Qa5+ 11. Bd2 Qd8 12. Nxf6+ Qxf6 13. Bg5 Qg6 14. Bf4 Be7
15. Be2 h5 16. Qc1 h4 17. Bg5 h3 18. Bxe7 hxg2 19. Rg1 Nxe7 20. Qxc5 Nc6 21.
Nxd4 Nxd4 22. Qxd4 Be6 23. Qa4+ Kf8 24. O-O-O Rxh2 25. Qb4+ Kg8 26. Qxb7 Rc8+
27. Kb1 Qf6 28. Qxa7 Bxa2+ 29. Kxa2 Qe5 30. Kb1 Rb8 31. d4 Qxe4+ 32. Bd3 Qf4
33. Bc2 Rh6 34. Rxg2 Rhb6 35. Qa3 Rxb2+ 36. Qxb2 Rxb2+ 37. Kxb2 Qf3 38. Rg3
Qxf2 39. Rc3 g5 40. d5 Qb6+ 41. Kc1 Qd6 42. Rdd3 f5 43. Rc6 Qf4+ 44. Kb2 Qe5+
45. Ka2 Kf8 46. Re6 Qc7 47. Kb2 Qc4 48. Rf6+ Ke7 49. Rxf5 g4 50. d6+ Kd7 51.
Rh5 Qb4+ 52. Bb3 Qe4 53. Rhd5 Qf4 54. R5d4 Qf6 55. Ba4+ Kd8 56. Kc3 Qe5 57. Kb3
g3 58. Rb4 Qe6+ 59. Ka3 Qc8 60. Kb2 g2 61. Rg3 g1=Q 62. Rxg1 Qc5 63. Rb8+ 1-0

[Event "National Capital op"]
[Site "Ottawa CAN"]
[Date "2003.11.02"]
[Round "5"]
[White "Barclay, Wayne"]
[Black "Doubleday, William"]
[Result "1-0"]
[WhiteElo "2252"]
[BlackElo "2087"]
[PlyCount "77"]
[EventDate "2003.10.31"]
[EventType "swiss"]
[EventRounds "5"]
[EventCountry "CAN"]

1. d4 d5 2. c4 c6 3. Nf3 Nf6 4. Nc3 e6 5. Bg5 dxc4 6. e4 b5 7. e5 h6 8. Bh4 g5
9. Nxg5 hxg5 10. Bxg5 Nbd7 11. exf6 Qc7 12. g3 Bb7 13. Bg2 O-O-O 14. O-O a6 15.
Qf3 Nb6 16. Rfd1 Nd5 17. Nxd5 Rxd5 18. Qe3 Rd8 19. b3 cxb3 20. Qxb3 Kb8 21.
Rac1 Bd6 22. Rd2 Rc8 23. a4 Qa5 24. Ra2 bxa4 25. Qe3 Ka8 26. h4 a3 27. Qd3 Rhd8
28. Rb1 Rd7 29. Qc2 Bf8 30. Qc4 Qf5 31. Raa1 Ka7 32. Be3 Ka8 33. Rb6 Qa5 34.
Rb3 Qf5 35. Qa4 Qc2 36. Rc1 Qe2 37. Bf1 Qf3 38. Bxa6 Kb8 39. Bf4+ 1-0

[Event "National Capital op"]
[Site "Ottawa CAN"]
[Date "2003.11.02"]
[Round "5"]
[White "Bolduc, Steve"]
[Black "Patterson, Roger"]
[Result "1-0"]
[WhiteElo "2346"]
[BlackElo "2216"]
[PlyCount "51"]
[EventDate "2003.10.31"]
[EventType "swiss"]
[EventRounds "5"]
[EventCountry "CAN"]

1. d4 Nf6 2. c4 e6 3. Nc3 Bb4 4. e3 O-O 5. Bd3 Bxc3+ 6. bxc3 d6 7. e4 e5 8. Ne2
Re8 9. f3 Nbd7 10. O-O Nf8 11. Qc2 Ne6 12. f4 Nxf4 13. Nxf4 exf4 14. Bxf4 h6
15. Rae1 Bg4 16. Qd2 Bh5 17. Bxh6 gxh6 18. Qxh6 Bg6 19. e5 Ng4 20. Qf4 Nxe5 21.
Bxg6 fxg6 22. dxe5 Qd7 23. Qd4 Re6 24. Rf6 Rae8 25. Qg4 g5 26. Rg6+ 1-0

[Event "National Capital op"]
[Site "Ottawa CAN"]
[Date "2003.11.02"]
[Round "5"]
[White "Murray, Adam"]
[Black "Predescu, Sebastian"]
[Result "0-1"]
[WhiteElo "1856"]
[BlackElo "2239"]
[PlyCount "108"]
[EventDate "2003.10.31"]
[EventType "swiss"]
[EventRounds "5"]
[EventCountry "CAN"]

1. e4 c5 2. f4 d5 3. exd5 Nf6 4. Nf3 Nxd5 5. d3 Nc6 6. c4 Nc7 7. Be3 Ne6 8. Nc3
g6 9. Qe2 Bg7 10. g3 O-O 11. Bg2 Ned4 12. Bxd4 Nxd4 13. Nxd4 Bxd4 14. Ne4 Qa5+
15. Qd2 Qxd2+ 16. Kxd2 Bxb2 17. Nxc5 Bxa1 18. Rxa1 Rb8 19. Rb1 b6 20. d4 Bf5
21. Ne4 Rfd8 22. Ke3 f6 23. Rb3 Bxe4 24. Bxe4 Kf7 25. g4 e6 26. d5 exd5 27.
Bxd5+ Ke7 28. Kd4 Kd6 29. Re3 Re8 30. Rh3 Re7 31. Ra3 Rc8 32. f5 Rcc7 33. g5
fxg5 34. f6 Re5 35. f7 Rxd5+ 36. cxd5 Rxf7 37. h3 Rf4+ 38. Ke3 Kxd5 39. Rxa7
Rh4 40. Kf3 Rxh3+ 41. Kg4 Rh2 42. Kxg5 b5 43. a4 b4 44. a5 Kc4 45. a6 Rh5+ 46.
Kf4 Ra5 47. Rc7+ Kd3 48. Rb7 Kc3 49. a7 b3 50. Rxh7 b2 51. Rh3+ Kc2 52. Rh2+
Kb3 53. Rh3+ Ka2 54. Rh2 Ka1 0-1

[Event "National Capital op"]
[Site "Ottawa CAN"]
[Date "2003.11.02"]
[Round "5"]
[White "Watson, Bob"]
[Black "Schvan, Peter"]
[Result "0-1"]
[WhiteElo "1594"]
[BlackElo "1912"]
[PlyCount "40"]
[EventDate "2003.10.31"]
[EventType "swiss"]
[EventRounds "5"]
[EventCountry "CAN"]

1. c4 e5 2. e4 Nf6 3. Nc3 Bb4 4. Nf3 d6 5. g3 Bxc3 6. bxc3 Nxe4 7. Bg2 Nc6 8.
Qc2 Ng5 9. O-O Nxf3+ 10. Bxf3 Qf6 11. Be4 Bh3 12. Re1 h5 13. d4 Kf8 14. dxe5
Nxe5 15. Bf4 Ng6 16. Bxg6 fxg6 17. Qe4 Kg8 18. Qxb7 Kh7 19. Qxc7 Qxc3 20. Bxd6
Qf3 0-1

[Event "National Capital op"]
[Site "Ottawa CAN"]
[Date "2003.11.02"]
[Round "5"]
[White "Yao, Sammy"]
[Black "Bertrand, Daryl"]
[Result "0-1"]
[WhiteElo "1820"]
[BlackElo "1868"]
[PlyCount "76"]
[EventDate "2003.10.31"]
[EventType "swiss"]
[EventRounds "5"]
[EventCountry "CAN"]

1. Nf3 Nf6 2. c4 g6 3. Nc3 d6 4. e4 Bg7 5. d4 O-O 6. Be2 e5 7. d5 a5 8. O-O
Nbd7 9. Bg5 h6 10. Bh4 g5 11. Bg3 Nc5 12. Nd2 Ne8 13. a3 f5 14. f3 f4 15. Bf2
h5 16. b4 axb4 17. axb4 Rxa1 18. Qxa1 Na6 19. b5 Nc5 20. Na4 b6 21. Nxc5 dxc5
22. g3 g4 23. Kg2 Qg5 24. Nb3 fxg3 25. hxg3 gxf3+ 26. Bxf3 Rxf3 27. Kxf3 Qg4+
28. Ke3 Bh6+ 29. Kd3 Qf3+ 30. Kc2 Qxe4+ 31. Kb2 Qxc4 32. Qe1 e4 33. Bxc5 bxc5
34. Qf2 Bg7+ 35. Ka3 Qb4+ 36. Ka2 Qa4+ 37. Kb1 Qxb3+ 38. Kc1 Bh6+ 0-1